000 00830nam a2200217Ia 4500
003 GCL
008 140319s9999 xx 000 0 ara d
040 _aGCL /
_cGCL
082 0 4 _a910.01
_bج ج
100 1 _aجامعة الاسكندرية- كلية الاداب
245 1 0 _aالجغرافيا والمجتمع: بحوث الندوة الاولى مارس 1990 بمناسة مرور ثلاثين عاما على انشاء شعة الخرائط والمساحة /
_cجامعة الاسكندرية- كلية الاداب
260 _a[S.N] :
_bدار المعرفة الجامعية ،
_c1990
300 _a568
490 _a
650 0 4 _aمساحة هندسية
650 0 4 _aالسكان
650 0 4 _aالجغرافيا الرياضية
650 0 4 _aالخرائط
650 0 4 _aمساحة
942 _2ddc
_cBK
999 _c55527
_d55527